| 000 | 00707nam a2200205 i 4500 | ||
|---|---|---|---|
| 001 | 189630 | ||
| 003 | ES-MaACL | ||
| 005 | 20250823104044.0 | ||
| 008 | 190705s1967 sp |||| | spa d | ||
| 245 | 0 | 0 |
_aMúsica sagrada y lenguas modernas / _cGelineau... [et al.] ; traducción y prólogo de Mariano Pérez Gutierrez. |
| 260 |
_aMadrid : _bStvdivm, _c[1967] |
||
| 300 |
_a160 p. ; _c19 cm. |
||
| 490 | 1 |
_aColección "Liturgia" ; _v4 |
|
| 650 | 7 |
_aMúsica sagrada _2 _9143239 |
|
| 700 | 1 |
_aGelineau, Joseph, _d1920-2008 _956253 |
|
| 700 | 0 |
_aPérez Gutiérrez, Mariano. _990928 |
|
| 830 | 0 |
_aColección "Liturgia" ; _v4 _9193350 |
|
| 852 |
_aES-MaACL _jP-623-Ter-3 |
||
| 999 |
_c189630 _d189630 |
||